Catalog

Record Details

Catalog Search



Co je co? / Roman Reisenauer ... [et al.]

Reisenauer, Roman (Author).

Record details

  • Physical Description: 547 s.
  • Edition: 2. přepr. a dopl. vyd.
  • Publisher: Praha : Pressfoto, 1984
Subject: encyklopedie jako téma
příručky
Genre: encyklopedie
příručky

Available copies

  • 1 of 1 copy available at Common Catalog SPOK.

Holds

  • 0 current holds with 1 total copy.
Show Only Available Copies
Location Call Number / Copy Notes Barcode Shelving Location Status Due Date
KDS Library 0 ReR 204576802987 Library Available -

LDR 00763cam a22002897a 4500
00122369
003CZ-PrJAB
00520150721141133.0
008971003s1984 xr |||||r|||||||||||cze|d
035 . ‡a(CZ PrSKC)000457513
040 . ‡aPavlová ‡bcze ‡cPavlová ‡dHKD001
080 . ‡a4
080 . ‡a51
080 . ‡a53
080 . ‡a61
080 . ‡a63
24500. ‡aCo je co? / ‡cRoman Reisenauer ... [et al.]
250 . ‡a2. přepr. a dopl. vyd.
260 . ‡aPraha : ‡bPressfoto, ‡c1984
300 . ‡a547 s.
65007. ‡aencyklopedie jako téma ‡2czmesh
65007. ‡apříručky ‡2czmesh
655 7. ‡aencyklopedie ‡7fd132201 ‡2czenas
655 7. ‡apříručky ‡7fd133209 ‡2czenas
7001 . ‡aReisenauer, Roman ‡4aut
900 . ‡aHKD001 ‡b13
910 . ‡aABE463
998 . ‡a005221074
901 . ‡a22369 ‡b ‡c22369 ‡tbiblio

Additional Resources